Categorical Word Play Quiz Stats

 Plays Quiz Updated Sep 7, 2016

Challenge
Share
Tweet
Embed
Score 0/28 Timer 07:00
0 Plays Today
% Correct
Order
90.7%
Arrangement
87.8%
Cliffhanger
84.4%
Sentence
81.8%
Fragment
81.4%
Outline
76.8%
Story
75.9%
Deduction
75.8%
Delivery
74.7%
Catch
74.2%
Lie
73%
Conclusion
72.7%
Statement
72.4%
Yarn
70.6%
% Correct
Clarification
70.6%
Articulation
70.2%
Pitch
69.9%
Extract
67.9%
Autobiography
67.9%
Profession
65.4%
Word
65%
Interpretation
63.6%
Commentary
63.6%
Finding
63.1%
Minute
62.4%
Declaration
59.4%
Speech
58%
Understanding
48.2%

You're not logged in!

Compare scores with friends on all Sporcle quizzes.
Join for Free
OR
Log In

You Might Also Like...

Show Comments

Extras

Top Quizzes Today


Score Distribution

Your Account Isn't Verified!

In order to create a playlist on Sporcle, you need to verify the email address you used during registration. Go to your Sporcle Settings to finish the process.

Report this User

Report this user for behavior that violates our Community Guidelines.

Details: